| 000 | 01563nam0a22003011 4500 | ||
|---|---|---|---|
| 001 | rc\807920 | ||
| 005 | 20260407211910.0 | ||
| 010 |
_dБеспл. _97000 |
||
| 021 |
_aRU _b84-81051 |
||
| 035 | _a(NLR Aleph) 008763225 | ||
| 090 |
_a7878189 _c7878189 |
||
| 100 | _a20041129d1984 |||y0rusy50 ca | ||
| 101 | 0 | _arus | |
| 102 | _aRU | ||
| 105 | _ay n|||||||| | ||
| 200 | 1 |
_aСборник руководящих документов и материалов по охране труда, пожарной безопасности, техники безопасности при эксплуатации автотранспорта и аттракционов _fМ-во культуры РСФСР, Центр. бюро по технике безопасности и произв. санитарии _g[сост. Ванчугин Ф.Д.] |
|
| 210 |
_aМосква _cб.и. _d1984 |
||
| 215 |
_a221 с. _d21 |
||
| 606 | 1 |
_aКультурно-просветительные учреждения _jНормативные материалы _xОхрана труда _91428221 _3RU\NLR\AUTH\66603422 |
|
| 686 | 0 |
_aХ627.43 _2rubbk |
|
| 702 | 1 |
_aВанчугин _bФ. Д. _4220 |
|
| 711 | 0 | 1 |
_aРСФСР _bМинистерство культуры _bЦентральное бюро по технике безопасности и производственной санитарии _3RU\NLR\AUTH\8810141035 _9776954 |
| 801 | 0 |
_aRU _bNLR _gpsbo |
|
| 801 | 1 |
_aRU _bELAR _2rusmarc |
|
| 801 | 2 |
_aRU _bNLR _c20120703 _2rusmarc |
|
| 852 |
_aNLR _j85-3/3946 |
||
| 942 | _cBOOK | ||
| 980 | _aNB | ||